000 00702nam a2200265Ia 4500
005 20260121171624.0
008 008 260114s9999 xx 000 0 eng d
020 _a9781484253700
037 _aEBOOK
040 _aCRL
040 _beng
040 _cCRL
041 _2eng
041 _aeng
084 _qCRL
100 _aIoannis Kostaras, Constantin Drabo, Josh Juneau, Sven Reimers, Mario Schröder, Geertjan Wielenga
_91078464
245 0 _aPro Apache NetBeans
260 _bSpringer
260 _bSpringer
260 _c2020
856 _uhttps://link.springer.com/openurl?genre=book&isbn=978-1-4842-5370-0
942 _cEBOOK
999 _c1644195
_d1644195